Разделение четырехкомпонентных смесей с использованием комплексов различного функционального действия; Химия и химическая технология в XXI веке

Bibliographic Details
Parent link:Химия и химическая технология в XXI веке.— 2018.— [С. 186-187]
Main Author: Гаганов И. С.
Corporate Authors: Московский технологический университет, Институт тонких химических технологий имени М. В. Ломоносова
Other Authors: Пешехонцева М. Е. (научный руководитель), Фролкова А. В.
Summary:Заглавие с экрана
Language:Russian
Published: 2018
Series:Химия и химическая технология органических веществ и материалов
Subjects:
Online Access:http://earchive.tpu.ru/handle/11683/49661
Format: MixedMaterials Electronic Book Chapter
KOHA link:https://koha.lib.tpu.ru/cgi-bin/koha/opac-detail.pl?biblionumber=626828

MARC

LEADER 00000naa2a2200000 4500
001 626828
005 20231101133430.0
035 |a (RuTPU)RU\TPU\conf\26455 
035 |a RU\TPU\conf\26454 
090 |a 626828 
100 |a 20180802d2018 k y0rusy50 ca 
101 0 |a rus 
102 |a RU 
105 |a y z 101zy 
135 |a drgn ---uucaa 
181 0 |a i  
182 0 |a b 
200 1 |a Разделение четырехкомпонентных смесей с использованием комплексов различного функционального действия  |f И. С. Гаганов, М. Е. Пешехонцева  |g науч. рук. А. В. Фролкова 
203 |a Текст  |c электронный 
225 1 |a Химия и химическая технология органических веществ и материалов 
230 |a 1 компьютерный файл (pdf; 653 Kb) 
300 |a Заглавие с экрана 
463 0 |0 (RuTPU)RU\TPU\conf\26227  |t Химия и химическая технология в XXI веке  |o материалы XIX Международной научно-практической конференции студентов и молодых ученых имени профессора Л. П. Кулёва, 21-24 мая 2018 г., г. Томск  |f Национальный исследовательский Томский политехнический университет  |v [С. 186-187]  |d 2018 
610 1 |a электронный ресурс 
610 1 |a фракции 
610 1 |a многокомпонентные смеси 
610 1 |a фазовое поведение 
610 1 |a разделение 
610 1 |a азеотропия 
610 1 |a летучесть 
700 1 |a Гаганов  |b И. С. 
701 1 |a Пешехонцева  |b М. Е. 
702 1 |a Фролкова  |b А. В.  |4 727 
712 0 2 |a Московский технологический университет 
712 0 2 |a Институт тонких химических технологий имени М. В. Ломоносова 
801 2 |a RU  |b 63413507  |c 20180821  |g RCR 
856 4 |u http://earchive.tpu.ru/handle/11683/49661 
942 |c BK